Statistics for Countries with embassies and consulates in Seychelles

Click here to take the quiz!

General Stats

  • This quiz has been taken 46 times
  • The average score is 6 of 8

Answer Stats

ContinentCountry% Correct
EuropeFrance
98%
AsiaIndia
95%
EuropeUnited Kingdom
93%
Asia/ EuropeRussia
90%
AsiaChina
88%
North AmericaCuba
76%
AsiaSri Lanka
36%
AfricaLibya
31%

Score Distribution

Percentile by Number Answered

Percent of People with Each Score

Your Score History

You have not taken this quiz